[Event "Liga Insular Gran Canaria 1b Descenso"]
[Site "Las Palmas"]
[Date "2019.06.01"]
[Round "2.2"]
[White "Ruiz Romero, Pedro"]
[Black "Monte Soto, Jose Aurelio"]
[Result "0-1"]
[WhiteElo "1796"]
[BlackElo "1607"]
[PlyCount "82"]
[EventDate "2019.05.25"]
[EventType "team-tourn"]
[EventRounds "3"]
[EventCountry "ESP"]
[SourceTitle "EXT 2021"]
[Source "ChessBase"]
[SourceDate "2020.10.23"]
[SourceVersion "1"]
[SourceVersionDate "2020.10.23"]
[SourceQuality "1"]
[WhiteTeam "Anand II"]
[BlackTeam "Mogan II"]
[WhiteTeamCountry "ESP"]
[BlackTeamCountry "ESP"]

1. c4 e6 2. Nc3 f5 3. d4 Nf6 4. g3 c6 5. Bg2 d5 6. Nf3 Bd6 7. c5 Bc7 8. Bg5 0-0 9. Ne5 Bd7 10. h4 Be8 11. Qb3 Qc8 12. a4 Nbd7 13. Nxd7 Nxd7 14. 0-0-0 Bh5 15. Kb1 Rf7 16. Bf4 e5 17. dxe5 Nxc5 18. Qa2 Ne4 19. Nxe4 fxe4 20. f3 e3 21. Ka1 Re7 22. Bh3 Qe8 23. g4 Bf7 24. Bg5 Rxe5 25. f4 Re4 26. Bg2 Rc4 27. b3 Rb4 28. f5 Be5+ 29. Kb1 d4 30. Rd3 c5 31. Ka1 c4 32. bxc4 Bxc4 33. Qxc4+ Rxc4 34. Bd5+ Kh8 35. Bxc4 Qxa4+ 36. Ba2 Rc8 37. Kb1 Qc2+ 38. Ka1 Qxe2 39. Rhd1 Qxg4 40. Be6 Rc3 41. Rxd4 Bxd4 0-1

[Event "Gran Canaria op Seniors"]
[Site "Gran Canaria"]
[Date "2019.02.19"]
[Round "4"]
[White "Ruiz Romero, Pedro"]
[Black "Monteiro Rodrigues, Carlos"]
[Result "1-0"]
[WhiteElo "1796"]
[BlackElo "1400"]
[PlyCount "65"]
[EventDate "2019.02.07"]
[EventType "swiss"]
[EventRounds "7"]
[EventCountry "ESP"]
[SourceTitle "CBM 189 Extra"]
[Source "ChessBase"]
[SourceDate "2019.06.03"]
[SourceVersion "1"]
[SourceVersionDate "2019.06.03"]
[SourceQuality "1"]

1. d4 Nf6 2. c4 e5 3. dxe5 Ne4 4. Nf3 Nc6 5. a3 d6 6. Bf4 Bf5 7. exd6 g5 8. Qd5 gxf4 9. Qxf5 Nxd6 10. Qxf4 Bg7 11. Ra2 Qe7 12. e3 Ne5 13. Nxe5 Bxe5 14. Qf3 0-0-0 15. g3 Qd7 16. Bg2 Ne4 17. 0-0 f5 18. b4 c6 19. Qh5 Nf6 20. Qe2 h5 21. Rd2 Qh7 22. h4 Rdg8 23. Rfd1 Bc7 24. b5 f4 25. exf4 Bb6 26. Qe6+ Kb8 27. c5 Bc7 28. Qxf6 Rf8 29. Qd4 Rd8 30. Qe4 Qf7 31. Rxd8+ Bxd8 32. Qe5+ Ka8 33. Qxh8 1-0

[Event "Las Palmas Montalvo Memorial 11th"]
[Site "Las Palmas"]
[Date "2018.03.24"]
[Round "1"]
[White "Ruiz Romero, Pedro"]
[Black "Gleizerov, Evgeny"]
[Result "0-1"]
[WhiteElo "1813"]
[BlackElo "2517"]
[PlyCount "106"]
[EventDate "2018.03.24"]
[EventType "swiss"]
[EventRounds "9"]
[EventCountry "ESP"]
[SourceTitle "CBM 183 Extra"]
[Source "ChessBase"]
[SourceDate "2018.04.19"]
[SourceVersion "1"]
[SourceVersionDate "2018.04.19"]
[SourceQuality "1"]

1. c4 e5 2. Nc3 Nc6 3. e3 Nf6 4. d4 exd4 5. exd4 Bb4 6. Nf3 0-0 7. Bg5 Qe8+ 8. Be2 Ne4 9. Rc1 Bxc3+ 10. bxc3 Nxg5 11. Nxg5 Qe7 12. Nf3 Re8 13. Rc2 d6 14. 0-0 Bg4 15. h3 Bh5 16. Bd3 Qf6 17. Re2 Bxf3 18. Rxe8+ Rxe8 19. Qxf3 Qxf3 20. gxf3 g6 21. Rb1 Na5 22. Kg2 b6 23. c5 dxc5 24. dxc5 Nb7 25. cxb6 cxb6 26. Bb5 Re5 27. a4 Nd6 28. c4 Kf8 29. Rd1 Ke7 30. f4 Rc5 31. Re1+ Kf6 32. Kf3 Nxc4 33. Re8 Nd6 34. Ra8 Rc3+ 35. Kg2 Rc7 36. Bd3 Ke6 37. f3 Kd5 38. Kg3 Kc5 39. Rd8 Re7 40. Kg4 Re3 41. Bb5 f5+ 42. Kg3 Nxb5 43. axb5 Re7 44. Kh4 Kxb5 45. Kg5 a5 46. h4 a4 47. h5 Ra7 48. hxg6 hxg6 49. Kxg6 a3 50. Kxf5 a2 51. Rd1 a1Q 52. Rxa1 Rxa1 53. Kf6 Rf1 0-1

[Event "Las Palmas Insular-chT Honor 1718"]
[Site "Las Palmas"]
[Date "2018.02.24"]
[Round "8.1"]
[White "Ramirez Medina, Victor"]
[Black "Ruiz Romero, Pedro"]
[Result "1-0"]
[WhiteElo "2256"]
[BlackElo "1782"]
[PlyCount "99"]
[EventDate "2017.10.28"]
[EventType "team-tourn"]
[EventRounds "9"]
[EventCountry "ESP"]
[SourceTitle "EXT 2021"]
[Source "ChessBase"]
[SourceDate "2020.10.23"]
[SourceVersion "1"]
[SourceVersionDate "2020.10.23"]
[SourceQuality "1"]
[WhiteTeam "Hotel Avda de Canarias"]
[BlackTeam "Anand"]
[WhiteTeamCountry "ESP"]
[BlackTeamCountry "ESP"]

1. e4 e5 2. Nf3 Nc6 3. Bb5 Bc5 4. 0-0 d6 5. c3 a6 6. Ba4 b5 7. Bb3 Na5 8. Bc2 Bb6 9. d4 Qe7 10. a4 c6 11. b3 Bg4 12. Be3 Bxf3 13. Qxf3 exd4 14. cxd4 b4 15. Nd2 Qf6 16. Qg3 Bxd4 17. Bxd4 Qxd4 18. Nf3 Qf6 19. e5 dxe5 20. Rae1 Ne7 21. Rxe5 c5 22. Rxe7+ Kxe7 23. Qc7+ Kf8 24. Qxc5+ Qe7 25. Qxa5 g6 26. Bd3 Kg7 27. Bc4 Rhc8 28. Re1 Qc5 29. Qxc5 Rxc5 30. Re7 Rf5 31. h4 h6 32. Nd4 Rf4 33. Ne6+ Kf6 34. Rxf7+ Kxf7 35. Nxf4+ Kf6 36. Nd5+ Ke5 37. Nxb4 a5 38. Nd5 Kd4 39. g4 g5 40. Kg2 Re8 41. Kg3 Re1 42. hxg5 hxg5 43. f4 gxf4+ 44. Kxf4 Re8 45. g5 Rf8+ 46. Nf6 Kc3 47. Kf5 Rc8 48. g6 Rc5+ 49. Nd5+ Kd4 50. g7 1-0

[Event "Las Palmas Insular-chT Pref 1617"]
[Site "Las Palmas"]
[Date "2016.11.05"]
[Round "3.3"]
[White "Also Alvarado, Luis"]
[Black "Ruiz Romero, Pedro"]
[Result "1-0"]
[WhiteElo "2167"]
[BlackElo "1806"]
[PlyCount "104"]
[EventDate "2016.10.22"]
[EventType "team-tourn"]
[EventRounds "14"]
[EventCountry "ESP"]
[SourceTitle "EXT 2018"]
[Source "ChessBase"]
[SourceDate "2017.10.13"]
[SourceVersion "1"]
[SourceVersionDate "2017.10.13"]
[SourceQuality "1"]
[WhiteTeam "Tres W"]
[BlackTeam "Anand"]
[WhiteTeamCountry "ESP"]
[BlackTeamCountry "ESP"]

1. e4 c5 2. Nf3 Nc6 3. d4 cxd4 4. Nxd4 Nf6 5. Nc3 d6 6. Bg5 e6 7. Qd2 h6 8. Bxf6 gxf6 9. 0-0-0 a6 10. f4 Qa5 11. Be2 Bd7 12. Nb3 Qc7 13. Bh5 Be7 14. Rhe1 Rh7 15. Qe3 0-0-0 16. Kb1 Kb8 17. Nd2 Na5 18. Be2 b5 19. a3 Rc8 20. Bd3 Rg7 21. g3 Bf8 22. Qd4 Qc5 23. Qxf6 b4 24. axb4 Qxb4 25. Na2 Qb6 26. Nf3 Rh7 27. Qd4 Qb7 28. Qb4 Qxb4 29. Nxb4 Nc4 30. Nxa6+ Ka7 31. Nb4 Nb6 32. c3 Rh8 33. Nd4 Rc5 34. Kc2 Bg7 35. Ra1+ Kb7 36. Kd2 Nc4+ 37. Bxc4 Rxc4 38. Nb3 Rc7 39. Ra5 Ra8 40. Rxa8 Kxa8 41. Ke3 Kb7 42. Ra1 Bxc3 43. Na5+ Kb6 44. bxc3 Rxc3+ 45. Kd4 Rf3 46. Nc4+ Kb5 47. Nd3 d5 48. Ra5+ Kc6 49. Nde5+ Kb7 50. Nxf3 dxc4 51. Kxc4 f6 52. Rh5 e5 1-0

[Event "Las Palmas Insular-chT Pref 1617"]
[Site "Las Palmas"]
[Date "2016.10.22"]
[Round "1.3"]
[White "Alba Santana, Cayetano"]
[Black "Ruiz Romero, Pedro"]
[Result "1/2-1/2"]
[WhiteElo "1813"]
[BlackElo "1806"]
[PlyCount "114"]
[EventDate "2016.10.22"]
[EventType "team-tourn"]
[EventRounds "14"]
[EventCountry "ESP"]
[SourceTitle "EXT 2018"]
[Source "ChessBase"]
[SourceDate "2017.10.13"]
[SourceVersion "1"]
[SourceVersionDate "2017.10.13"]
[SourceQuality "1"]
[WhiteTeam "Grandama"]
[BlackTeam "Anand"]
[WhiteTeamCountry "ESP"]
[BlackTeamCountry "ESP"]

1. e4 e5 2. Nf3 Nc6 3. Bc4 Be7 4. 0-0 Nf6 5. d4 exd4 6. Re1 d6 7. Nxd4 Bg4 8. f3 Nxd4 9. Qxd4 Be6 10. Bxe6 fxe6 11. e5 c5 12. Qa4+ Qd7 13. Qxd7+ Nxd7 14. exd6 Bf6 15. Nc3 Kf7 16. Ne4 Rac8 17. Ng5+ Bxg5 18. Bxg5 Nf6 19. Rad1 Rhd8 20. Rd2 Rd7 21. c4 h6 22. Bf4 g5 23. Be5 Rcd8 24. g3 Ne8 25. Red1 a6 26. h3 b5 27. b3 Rb8 28. cxb5 axb5 29. f4 Kg6 30. g4 gxf4 31. Bxf4 Nf6 32. Re1 Re8 33. Bh2 Rf7 34. Rde2 Rd7 35. Rc2 Rc8 36. Rxe6 Kf7 37. Re1 c4 38. bxc4 bxc4 39. Rec1 Ra8 40. Rxc4 Rxa2 41. Rc7 Ke6 42. Re1+ Kd5 43. Re5+ Kd4 44. Re7 Ra1+ 45. Kg2 Ra2+ 46. Kg1 Ra1+ 47. Kf2 Ra2+ 48. Kf3 Rxh2 49. Rcxd7 Nxd7 50. Rxd7 Rxh3+ 51. Kf4 Kd5 52. Kf5 Rf3+ 53. Kg6 Ke6 54. Rd8 Rh3 55. Rh8 Rh4 56. Rxh6 Rxg4+ 57. Kh5+ Kf5 1/2-1/2

[Event "Gran Canaria Dominguez Memorial 3rd"]
[Site "Gran Canaria"]
[Date "2016.05.17"]
[Round "1"]
[White "Ruiz Romero, Pedro"]
[Black "Garcia Cruz, Jose Manuel"]
[Result "1-0"]
[WhiteElo "1774"]
[BlackElo "1355"]
[PlyCount "50"]
[EventDate "2016.05.17"]
[EventType "swiss"]
[EventRounds "7"]
[EventCountry "ESP"]
[SourceTitle "CBM 172 Extra"]
[Source "ChessBase"]
[SourceDate "2016.06.21"]
[SourceVersion "1"]
[SourceVersionDate "2016.06.21"]
[SourceQuality "1"]

1. d4 Nf6 2. c4 g6 3. Nc3 Bg7 4. e4 d6 5. f4 0-0 6. Be2 c5 7. Be3 b6 8. e5 dxe5 9. fxe5 cxd4 10. exf6 Bxf6 11. Nd5 dxe3 12. Nxf6+ exf6 13. Qxd8 Rxd8 14. Bf3 Nc6 15. Bxc6 Rb8 16. Bd5 Bb7 17. Rd1 Bxd5 18. cxd5 Rbc8 19. Ne2 Rc2 20. Rf1 f5 21. Rf3 Rd2 22. Rxd2 exd2+ 23. Kxd2 Rxd5+ 24. Ke3 Re5+ 25. Kf2 Kg7 1-0

[Event "Las Palmas Insular-chT Pref-A"]
[Site "Las Palmas"]
[Date "2016.03.05"]
[Round "13.1"]
[White "Ruiz Romero, Pedro"]
[Black "Yingrui, Lin"]
[Result "1/2-1/2"]
[WhiteElo "1759"]
[BlackElo "1781"]
[PlyCount "86"]
[EventDate "2015.10.17"]
[EventType "team-tourn"]
[EventRounds "14"]
[EventCountry "ESP"]
[SourceTitle "EXT 2017"]
[Source "ChessBase"]
[SourceDate "2016.10.25"]
[SourceVersion "1"]
[SourceVersionDate "2016.10.25"]
[SourceQuality "1"]
[WhiteTeam "Anand II"]
[BlackTeam "Hotel Avda de Canarias III"]
[WhiteTeamCountry "ESP"]
[BlackTeamCountry "ESP"]

1. d4 d5 2. Nf3 Nf6 3. c4 e6 4. Nc3 Nbd7 5. Bg5 h6 6. Bh4 Be7 7. e3 0-0 8. Nd2 c5 9. Bg3 b6 10. Be2 Bb7 11. Bf3 Rc8 12. 0-0 cxd4 13. exd4 Ba6 14. Qa4 Bxc4 15. Nxc4 Rxc4 16. Qxa7 Rxd4 17. Bc7 Qc8 18. Bxb6 Nxb6 19. Qxe7 Re8 20. Qa7 Qc6 21. Rac1 Ra8 22. Qe7 Rc4 23. a3 Re8 24. Qa7 Nfd7 25. Qa6 Ne5 26. Be2 Rc5 27. Bb5 Ra8 28. Bxc6 Rxa6 29. Bb5 Ra7 30. a4 Nec4 31. b4 Rcc7 32. a5 Nc8 33. Na2 N8d6 34. Ba4 e5 35. Nc3 Nb2 36. Rb1 Rxc3 37. Rxb2 Nc4 38. Ra2 d4 39. Rb1 d3 40. Bb3 Nd6 41. f3 Nb5 42. Ba4 Nd4 43. Kf2 f6 1/2-1/2

[Event "Las Palmas Insular-chT Pref-A"]
[Site "Las Palmas"]
[Date "2016.01.23"]
[Round "10.1"]
[White "Jablanovic, Sasa"]
[Black "Ruiz Romero, Pedro"]
[Result "0-1"]
[WhiteElo "1592"]
[BlackElo "1759"]
[PlyCount "74"]
[EventDate "2015.10.17"]
[EventType "team-tourn"]
[EventRounds "14"]
[EventCountry "ESP"]
[SourceTitle "EXT 2017"]
[Source "ChessBase"]
[SourceDate "2016.10.25"]
[SourceVersion "1"]
[SourceVersionDate "2016.10.25"]
[SourceQuality "1"]
[WhiteTeam "Mogan V"]
[BlackTeam "Anand II"]
[WhiteTeamCountry "ESP"]
[BlackTeamCountry "ESP"]

1. e4 e5 2. Nf3 Nc6 3. Bc4 Be7 4. Nc3 Nf6 5. a3 Nxe4 6. Bxf7+ Kxf7 7. Nxe4 d5 8. Ng3 Rf8 9. d3 Kg8 10. h3 a5 11. 0-0 Ra6 12. Re1 Bf6 13. Nh5 Bf5 14. Nxf6+ Qxf6 15. Bg5 Qg6 16. Qd2 h6 17. Bh4 Bxh3 18. Bg3 Rxf3 19. gxf3 Nd4 20. Re3 Rf6 21. Qd1 Nf5 22. Qe1 Nxe3 23. Qxe3 Rf5 24. Re1 c6 25. a4 Qh5 26. b3 Kh7 27. Qe2 Rxf3 28. Qxe5 Rf5 29. Qe2 Bg4 30. Qe8 Qh3 31. Re3 Bf3 32. Rxf3 Rxf3 33. Qb8 Rf7 34. Qd8 Rf6 35. Qc7 Re6 36. Qxa5 h5 37. Qb4 Rg6 0-1

[Event "Las Palmas Insular-chT Pref-A"]
[Site "Las Palmas"]
[Date "2015.12.19"]
[Round "7.1"]
[White "Ruiz Romero, Pedro"]
[Black "Diaz Suarez, Hugo"]
[Result "0-1"]
[WhiteElo "1757"]
[BlackElo "2094"]
[PlyCount "76"]
[EventDate "2015.10.17"]
[EventType "team-tourn"]
[EventRounds "14"]
[EventCountry "ESP"]
[SourceTitle "CBM 170 Extra"]
[Source "ChessBase"]
[SourceDate "2016.02.25"]
[SourceVersion "1"]
[SourceVersionDate "2016.02.25"]
[SourceQuality "1"]
[WhiteTeam "Anand II"]
[BlackTeam "Goya Villa de Teror II"]
[WhiteTeamCountry "ESP"]
[BlackTeamCountry "ESP"]

1. d4 Nf6 2. Nf3 g6 3. c4 Bg7 4. Nc3 d5 5. Bg5 Ne4 6. Bf4 Nxc3 7. bxc3 c5 8. e3 0-0 9. Bd3 dxc4 10. Bxc4 Nc6 11. 0-0 Bf5 12. Rc1 cxd4 13. cxd4 Rc8 14. Qa4 a6 15. Qd1 Na5 16. Be2 Rxc1 17. Qxc1 Qd5 18. Qa3 Rc8 19. Ne1 Bf8 20. Qb2 Be6 21. a3 Qb3 22. Qa1 Bc4 23. Bxc4 Nxc4 24. a4 Nd2 25. g4 Qc4 26. Ng2 Nxf1 27. Qxf1 Qxf1+ 28. Kxf1 Rc1+ 29. Ke2 Ra1 30. Kd3 Rxa4 31. e4 b5 32. Ne3 Ra3+ 33. Ke2 Ra2+ 34. Kf3 b4 35. d5 b3 36. e5 b2 37. d6 b1Q 38. d7 Qb7+ 0-1

[Event "Las Palmas Insular-chT Pref-A"]
[Site "Las Palmas"]
[Date "2015.11.28"]
[Round "4.1"]
[White "Moreno Ramos, Aristides"]
[Black "Ruiz Romero, Pedro"]
[Result "1-0"]
[WhiteElo "1747"]
[BlackElo "1770"]
[PlyCount "131"]
[EventDate "2015.10.17"]
[EventType "team-tourn"]
[EventRounds "14"]
[EventCountry "ESP"]
[SourceTitle "CBM 170 Extra"]
[Source "ChessBase"]
[SourceDate "2016.02.25"]
[SourceVersion "1"]
[SourceVersionDate "2016.02.25"]
[SourceQuality "1"]
[WhiteTeam "Sociedad La Montana II"]
[BlackTeam "Anand II"]
[WhiteTeamCountry "ESP"]
[BlackTeamCountry "ESP"]

1. e4 c5 2. Nc3 e6 3. g3 Nc6 4. Bg2 g6 5. d3 Bg7 6. Be3 Qa5 7. Nge2 Nge7 8. 0-0 0-0 9. Qc1 Rd8 10. Bh6 Bh8 11. f4 Nd4 12. Kh1 d6 13. h4 f5 14. Bg5 Re8 15. Nxd4 cxd4 16. Ne2 Nc6 17. Re1 Bd7 18. h5 Rac8 19. a3 Qc7 20. c4 e5 21. b4 Nd8 22. hxg6 hxg6 23. Bf3 Nf7 24. Kg2 Nxg5 25. fxg5 Be6 26. Rh1 Bg7 27. Rh4 Kf8 28. Qf1 Qf7 29. exf5 Bxf5 30. Bd5 Be6 31. Qxf7+ Kxf7 32. Rf1+ Kg8 33. Bxb7 Rc7 34. Be4 Bf7 35. Rc1 Rec8 36. Rhh1 Bf8 37. Bd5 Bxd5+ 38. cxd5 Rxc1 39. Rxc1 Rxc1 40. Nxc1 Be7 41. Nb3 Bxg5 42. Na5 Kf7 43. b5 Kf6 44. Kf3 Bc1 45. Nc4 Ke7 46. a4 Kd7 47. a5 Kc7 48. Ke4 Bg5 49. b6+ axb6 50. axb6+ Kd7 51. b7 Kc7 52. Nxd6 Kb8 53. Kxe5 Be3 54. Ke6 Bf2 55. g4 Bg3 56. Nb5 Kxb7 57. Nxd4 Bh4 58. d6 Kc8 59. Nc6 Kb7 60. Ne7 g5 61. Nf5 Bf2 62. d4 Be1 63. d5 Kc8 64. d7+ Kd8 65. Nh6 Kc7 66. d6+ 1-0

[Event "Las Palmas Insular-chT Pref-A"]
[Site "Las Palmas"]
[Date "2015.04.11"]
[Round "13.3"]
[White "Ruiz Romero, Pedro"]
[Black "Moreno Cameno, Juan Carlos"]
[Result "1-0"]
[WhiteElo "1770"]
[BlackElo "1716"]
[PlyCount "59"]
[EventDate "2014.11.22"]
[EventType "team-tourn"]
[EventRounds "14"]
[EventCountry "ESP"]
[SourceTitle "EXT 2016"]
[Source "ChessBase"]
[SourceDate "2015.10.08"]
[SourceVersion "1"]
[SourceVersionDate "2015.10.08"]
[SourceQuality "1"]
[WhiteTeam "Anand Iberia II"]
[BlackTeam "Pulido San Mateo"]
[WhiteTeamCountry "ESP"]
[BlackTeamCountry "ESP"]

1. e4 e6 2. Nc3 d5 3. d4 Bb4 4. Bd3 c5 5. a3 Bxc3+ 6. bxc3 Nc6 7. Qg4 Nge7 8. e5 cxd4 9. cxd4 0-0 10. Ne2 Qc7 11. 0-0 Nf5 12. Bg5 Nce7 13. h4 h6 14. Bd2 a5 15. Qh3 Nc6 16. c3 Qe7 17. g3 h5 18. Kg2 f6 19. f4 Bd7 20. a4 fxe5 21. fxe5 Qf7 22. Nf4 Nce7 23. Qh1 Ng6 24. Nh3 Rab8 25. Kh2 b5 26. Bxf5 exf5 27. Ng5 Qe7 28. Qxd5+ Kh8 29. Qf3 bxa4 30. Qxh5+ 1-0

[Event "Gran Canaria Santa Lucia op 2nd"]
[Site "Gran Canaria"]
[Date "2014.08.15"]
[Round "3"]
[White "Ruiz Romero, Pedro"]
[Black "Sanchez Gonzalez, Jesus German"]
[Result "1/2-1/2"]
[WhiteElo "1802"]
[BlackElo "1515"]
[PlyCount "35"]
[EventDate "2014.08.14"]
[EventType "swiss"]
[EventRounds "9"]
[EventCountry "ESP"]
[SourceTitle "EXT 2015"]
[Source "ChessBase"]
[SourceDate "2014.11.20"]
[SourceVersion "1"]
[SourceVersionDate "2014.11.20"]
[SourceQuality "1"]

1. e4 e5 2. Nf3 Nc6 3. Bc4 Bc5 4. c3 Nf6 5. d4 exd4 6. cxd4 Bb4+ 7. Bd2 Bxd2+ 8. Nbxd2 d6 9. 0-0 0-0 10. Bd3 Re8 11. h3 Nh5 12. a3 Nf4 13. Bb1 Qf6 14. Nc4 Nxd4 15. Nxd4 Qxd4 16. Qc2 Qf6 17. e5 Qh6 18. Re1 1/2-1/2